Definición de zonas territorialmente degradadas considerando riesgo de erosión y pobreza /
Gardado en:
| Autor Principal: | |
|---|---|
| Formato: | Texto |
| Materias: | |
| Etiquetas: |
Engadir etiqueta
Sen Etiquetas, Sexa o primeiro en etiquetar este rexistro!
|
MARC
| LEADER | 00000 a a2200000 04500 | ||
|---|---|---|---|
| 001 | 14356 | ||
| 003 | |||
| 040 | |||
| 100 | |a Garrido, Robert | ||
| 245 | |a Definición de zonas territorialmente degradadas considerando riesgo de erosión y pobreza / |c Robert Garrido | ||
| 650 | |a RECURSOS HIDRICOS | ||
| 650 | |a POBREZA | ||
| 650 | |a TERRITORIOS | ||
| 650 | |a GEOGRAFIA | ||
| 650 | |a CHILE | ||
| 773 | |g volumen 11, número 1; páginas 57-67 | ||
| 999 | |c 37429 |d 37429 | ||
